| 000 | 00603nam a22001937a 4500 | ||
|---|---|---|---|
| 999 |
_c180880 _d180880 |
||
| 005 | 20210823125207.0 | ||
| 010 | _aENG-129767 | ||
| 020 |
_c200.00 _a978-93-80693-05-7 |
||
| 035 | _aEN-113299 | ||
| 037 | _bDBAD/PUB | ||
| 082 | _a658 | ||
| 100 | _aJampala, Rajesh C. | ||
| 245 |
_aManagement Science: _cRajesh C. Jampala, P. ADI Lakshmi |
||
| 250 | _a2010 | ||
| 260 |
_bDuvvuri Publications _c2010 _aMachlipatnam |
||
| 270 |
_mduvvuripublications@gmail.com _bAndhra Pradesh _e521001 _aM.I.G. - 143, A.P.H.B. Colony |
||
| 300 |
_ax,345p. _c25cm (pbk) |
||
| 942 |
_2ddc _cEN _h658 _kJAM |
||